Statistics for Famous Oxford University students

Click here to take the quiz!

General Stats

  • This quiz has been taken 78 times
  • The average score is 11 of 16

Answer Stats

HintAnswer% Correct
Britain's first female prime ministerMargaret Thatcher
97%
Physicist who wrote A Brief History of TimeStephen Hawking
91%
US President between Bush and BushBill Clinton
88%
Author of the Lord of the Rings trilogyJRR Tolkien
87%
Star of Notting Hill, Love Actually and Bridget Jones' DiaryHugh Grant
84%
Creator of The Cat in the Hat and Green Eggs and HamDr Seuss
81%
Author of Alice's Adventures in WonderlandLewis Carroll
79%
Scottish economist who wrote Wealth of NationsAdam Smith
76%
First female prime minister of IndiaIndira Gandhi
74%
Playwrite of Dorian Gray and The Importance of Being EarnestOscar Wilde
74%
First to suggest galaxies beyond the Milky Way and now has a telescope named after himEdwin Hubble
71%
Elizabethan sailor and famous for bringing tobacco to BritainSir Walter Raleigh
57%
Credited with inventing the World Wide WebSir Tim Berners-Lee
54%
Suffragette who stepped in front of the king's horse at the 1913 Epsom DerbyEmily Davison
22%
The Rugby World Cup is named after himWilliam Webb Ellis
19%
Invented the reflecting telescope and first coined the term "cell"Robert Hooke
10%

Score Distribution

Percentile by Number Answered

Percent of People with Each Score

Your Score History

You have not taken this quiz